000 00409nam a2200145 i 4500
001 68222
003 ES-MaACL
007 t|
008 040611s1961 sp ||||1| spa d
100 1 _aGarcía, Láutico.
_954063
245 1 3 _aEl hombre espiritual según San Ignacio /
_cLáutico García.
260 _aMadrid :
_bRazón y Fé,
_c[1961]
300 _a205 p. ;
_c18 cm.
852 _aES-MaACL
_jE-2451
_bR.47815
999 _c68222
_d68222